Analýza biznis prostredia: títo dostávajú investičné stimuly

Systém udeľovania investičných stimulov deformuje podnikateľské prostredie. Doterajšia prax udeľovania investičných stimulov na Slovensku. Investičná pomoc a pracovné miesta. Objem investičných stimulov podľa krajov.

Enregistré dans:
Détails bibliographiques
Auteur principal: Vlachynský, Martin
Format: Chapitre de livre
Langue:slovaque
Sujets:
Tags: Ajouter un tag
Pas de tags, Soyez le premier à ajouter un tag!

MARC

LEADER 00000naa a2200000 4500
001 0241467
005 20251210131254.6
041 0 |a slo 
044 |a SK 
245 1 0 |a Analýza biznis prostredia: títo dostávajú investičné stimuly  |c Martin Vlachynský 
520 |a Systém udeľovania investičných stimulov deformuje podnikateľské prostredie. Doterajšia prax udeľovania investičných stimulov na Slovensku. Investičná pomoc a pracovné miesta. Objem investičných stimulov podľa krajov. 
610 2 0 |a stratégia investičná 
610 2 0 |a Slovensko 
610 2 0 |a stimuly 
610 2 0 |a prostredie podnikateľské 
610 2 0 |a biznis analýza 
100 1 |a Vlachynský, Martin